Романы. Повести и рассказы. Стихотворения в прозе. Статьи; Записки охотника: Бежин луг, Свидание, Живые мощи, Лес и степь; Дворянское гнездо; Отцы и дети; Дневник лишнего человека; Поездка в Полесье; Ася; Вешние воды; Песнь торжествующей любви; Разговор; Собака; Нищий; "Услышишь суд глупца..."; Дурак; Воробей; Памяти Ю. П. Вревской; Последнее свидание; Милостыня; Насекомое; Старик; Камень; Голуби; Что я буду думать?; "Как хороши, как свежи были розы..."; Н. Н.; Мы еще повоюем!; Русский язык; Кубок; К***; Когда меня не будет; Песочные часы; Куропатки; Фраза

Bibliografski detalji
Glavni autor: Тургенев И. С. Иван Сергеевич
Daljnji autori: Сквозников В. Д. (составитель), Медведев В. В. (иллюстратор)
Jezik:ruski
Izdano: Москва, Слово/Slovo, 1999
TOC:Записки охотника: Бежин луг, Свидание, Живые мощи, Лес и степь;
Дворянское гнездо;
Отцы и дети;
Дневник лишнего человека;
Поездка в Полесье;
Ася;
Вешние воды;
Песнь торжествующей любви;
Разговор;
Собака;
Нищий;
"Услышишь суд глупца...";
Дурак;
Воробей;
Памяти Ю. П. Вревской;
Последнее свидание;
Милостыня;
Насекомое;
Старик;
Камень;
Голуби;
Что я буду думать?;
"Как хороши, как свежи были розы...";
Н. Н.;
Мы еще повоюем!;
Русский язык;
Кубок;
К***;
Когда меня не будет;
Песочные часы;
Куропатки;
Фраза;
Serija:Пушкинская библиотека
Teme:
Format: Knjiga
KOHA link:https://koha.lib.tpu.ru/cgi-bin/koha/opac-detail.pl?biblionumber=22532

MARC

LEADER 00000nam0a2200000 4500
001 22532
005 20231101205508.0
010 |a 5850504036 
035 |a (RuTPU)RU\TPU\book\22745 
035 |a BOOK00000509 
090 |a 22532 
100 |a 20011209d1999 m y0rusy50 ca 
101 0 |a rus 
102 |a RU 
105 |a y z 000ay 
200 1 |a Романы. Повести и рассказы. Стихотворения в прозе. Статьи  |f И. С. Тургенев  |g сост. В. Д. Сквозников; худож. В. В. Медведев 
210 |a Москва  |c Слово/Slovo  |d 1999 
215 |a 600 с. 
225 1 |a Пушкинская библиотека 
320 |a Комментарии: с. 585-595. 
464 |t Записки охотника: Бежин луг, Свидание, Живые мощи, Лес и степь 
464 |t Дворянское гнездо 
464 |t Отцы и дети  |o романы 
464 |t Дневник лишнего человека 
464 |t Поездка в Полесье 
464 |t Ася 
464 |t Вешние воды 
464 |t Песнь торжествующей любви  |o повести и рассказы 
464 |t Разговор 
464 |t Собака 
464 |t Нищий 
464 |t "Услышишь суд глупца..." 
464 |t Дурак 
464 |t Воробей 
464 |t Памяти Ю. П. Вревской 
464 |t Последнее свидание 
464 |t Милостыня 
464 |t Насекомое 
464 |t Старик 
464 |t Камень 
464 |t Голуби 
464 |t Что я буду думать? 
464 |t "Как хороши, как свежи были розы..." 
464 |t Н. Н. 
464 |t Мы еще повоюем! 
464 |t Русский язык 
464 |t Кубок 
464 |t К*** 
464 |t Когда меня не будет 
464 |t Песочные часы 
464 |t Куропатки 
464 |t Фраза  |o стихотворения в прозе 
610 1 |a романы 
610 1 |a повести 
610 1 |a рассказы 
610 1 |a стихотворения 
610 1 |a статьи 
675 |a Р1  |v 3 
700 1 |a Тургенев  |b И. С.  |c русский писатель  |f 1818-1883  |g Иван Сергеевич  |2 stltpush  |3 (RuTPU)RU\TPU\pers\1039  |9 462 
702 1 |a Сквозников  |b В. Д.  |4 220 
702 1 |a Медведев  |b В. В.  |4 440 
801 0 |a RU  |b 63413507  |c 20011209  |g PSBO 
801 2 |a RU  |b 63413507  |c 20060920  |g PSBO 
942 |c BK